International Destinations from Rajiv Gandhi International Airport HYD - Statistics

General Stats
  • This quiz has been taken 12 times
  • The average score is 21 of 25
Answer Stats
Airline City % Correct
Etihad/Indigo Abu Dhabi
100%
KLM Amsterdam
100%
Srilankan/Indigo Colombo
100%
Indigo (Bangladesh) Dhaka
100%
Qatar/Indigo Doha
100%
Emirates/FlyDubai/Air India Expres/ Indigo Dubai
100%
Lufthansa Frankfurt
100%
Vietnam Airlines Hanoi
100%
Vietjet Air Ho Chi Minh City
100%
Cathay Pacific Hong Kong
100%
Saudia/Indigo Jeddah
100%
Malaysia/Air Asia Kuala Lumpur
100%
Jazeera/Kuwait/Indigo Kuwait
100%
British Airways London
100%
Oman Air/Indigo Muscat
100%
Flynas/Air India Express/Indigo Riyadh
100%
Singapore/Indigo Singapore
100%
Air India Express (Thailand) Phuket
91%
Gulf Air Bahrain
82%
Air Arabia/Indigo Sharjah
82%
Indigo (Saudi Arabia) Dammam
73%
Thai/Indigo BKK
27%
Indigo (UAE) Ras Al Khaimah
18%
Air Asia/Nok Air DMK
9%
Indigo (Saudi Arabia) Madinah
0%
No matching quizzes found
Score Distribution
Percent of People with Each Score
Percentile by Number Answered
Your Score History
You have not taken this quiz